| 000 | 00483pab a2200169 454500 | ||
|---|---|---|---|
| 008 | 180718b2015 xxu||||| |||| 00| 0 eng d | ||
| 100 | _aLosch, Bruno | ||
| 245 | _aCan we still only think 'Rural'? bridging the rural-urban divide for rural transformation in a globalized world | ||
| 260 | _c2015 | ||
| 300 | _ap.169-176. | ||
| 650 | _aAgriculture | ||
| 650 | _aEmployment | ||
| 650 | _aUrbanization | ||
| 650 | _aRural development | ||
| 773 | _aDevelopment | ||
| 909 | _a114676 | ||
| 999 |
_c114670 _d114670 |
||